01288nam a2200313Ia 450000500170000000700030001700800410002002000180006104000350007904100130011408400110012710000300013824501410016824600660030926400480037530000550042333600270047833700330050533800280053852100610056653400360062765000510066365000490071465000370076365000370080065000530083770000430089070000410093320220317000248.0ta210805s2010 sp a0 sbr s 00 spa d a9788493750602 aCO-BoRNBPbspaerdacCO-BoRNBP1 aspahjpn aA KIM21 aKimura, Kend1949-eautor10a999 hermanas ranas se mudan de charcacKen Kimura ; ilustraciones Yasunari Murakami ; traducción del japonés Marina Bornas Montaña33aNovecientas noventa y nueve hermanas ranas se mudan de charca 1aJaen, EspañabBarbara Fiore Editorac2010 a[39] páginas sin enumerarbilustraciones c24 cm atextobtxt2rdacontent asin mediaciónbn2rdamedia avolumenbnc2rdacarrier aRecomendado para un público infantil mayor de 6 años t999-hiki no kyodai no ohikkoshi142LEMBaÁlbumes infantiles japonesesySiglo XX142LEMBaLiteratura infantil japonesaySiglo XX142LEMBaMascotasvÁlbum infantil142LEMBaLibertadvÁlbum infantil142LEMBaDerechos de los animalesvÁlbum infantil1 aMurakami, Yasunarid1955-eilustradora1 aBornas Montaña, Marinaetraductora